000 00397 a2200133 4500
245 _adictionary of terms and techniques in archaeology
_hprint
020 _a0714821179
700 _aChampion, Sara.
650 _aARCHAEOLOGY
005 20191017173639.0
260 _aenk
_bPhaidon
_c1980
084 _aCC70 .C48
300 _a144 p. : ill. (some col.)
_b 19 cm.
_c144 p. : ill. (some col.) ; 19 cm.
500 _aSara Champion.
999 _c10542
_d10542